Ciudadano N. Crónicas de la diversidad

Gardado en:
Detalles Bibliográficos
Autor Principal: Reguillo Cruz, Rossana
Autor Corporativo: Instituto Tecnológico y de Estudios Superiores de Occidente
Formato: Texto
Publicado: Guadalajara: ITESO
Materias:
Etiquetas: Engadir etiqueta
Sen Etiquetas, Sexa o primeiro en etiquetar este rexistro!

MARC

LEADER 00000 a a2200000 04500
001 29009
003
040
020 |a 968-5087-10-5  
090 |a 191101  
100 |a Reguillo Cruz, Rossana  
110 |a Instituto Tecnológico y de Estudios Superiores de Occidente  
245 |a Ciudadano N. Crónicas de la diversidad  
260 |a Guadalajara:   |b ITESO  
300 |a 194 p  
650 |a VIDA COTIDIANA  
650 |a JUVENTUD URBANA  
999 |c 5954  |d 5954